| 000 | 00551nam a22001937a 4500 | ||
|---|---|---|---|
| 999 |
_c18416 _d18416 |
||
| 008 | 200805b xxu||||| |||| 00| 0 eng d | ||
| 020 | _a0078136660 | ||
| 050 |
_aKF8968.15 _b.H67 2008 c.1 |
||
| 100 | _aHopewood, William S. | ||
| 245 |
_aForensic Accounting and Fraud Examination _cWilliam S. Hopewood |
||
| 250 | _a2nd ed. | ||
| 260 |
_aNew York _bMcGrawHill _c2008 |
||
| 300 | _axv, 656p. | ||
| 650 |
_aForensic Accounting _zU S. |
||
| 650 | _aFraud Examination | ||
| 700 | _aJay J. Leiner | ||
| 700 | _aGeorge R. Young | ||
| 942 |
_2lcc _cBK |
||